[Event "2. Bundesliga Ost 2014/2015"]
[Site "1020 Wien, Haus des Schachsports, Marathonweg 14"]
[Date "2014.10.18"]
[Round "1"]
[Board "4"]
[White "Kleiser, Gregor"]
[Black "Brod, Manfred"]
[Result "1-0"]
[WhiteElo "2291"]
[BlackElo "2266"]
[PlyCount "69"]
[EventDate "2014.10.18"]
[EventType "team"]
[EventRounds "11"]
[EventCountry "AUT"]
[WhiteTeam "tschaturanga"]
[BlackTeam "ASVOE Mattersburg"]

1. d4 Nf6 2. c4 g6 3. Nf3 Bg7 4. Nc3 d5 5. cxd5 Nxd5 6. e4 Nxc3 7. bxc3 c5 8.
Rb1 O-O 9. Be2 b6 10. O-O Qc7 11. d5 Bxc3 12. Bb2 Bxb2 13. Rxb2 Nd7 14. Rd2 Bb7
15. Qa1 a6 16. Rfd1 b5 17. d6 exd6 18. Rxd6 Rad8 19. Ng5 Nb6 20. Qe5 Rxd6 21.
Rxd6 Na8 22. Qf6 c4 23. e5 Re8 24. Bg4 Bc8 25. Bxc8 Rxc8 26. e6 fxe6 27. Qxe6+
Kg7 28. Rd7+ Kh6 29. Nf7+ Kg7 30. Nd6+ Kh6 31. Qh3+ Kg5 32. Ne4+ Kf4 33. Qf3+
Ke5 34. Qf6+ Kxe4 35. Rd4# 1-0

[Event "2. Bundesliga Ost 2014/2015"]
[Site "1020 Wien, Haus des Schachsports, Marathonweg 14"]
[Date "2014.10.18"]
[Round "1"]
[Board "5"]
[White "Wiedner, Robert"]
[Black "Kreindl, Helmut"]
[Result "1/2-1/2"]
[WhiteElo "2183"]
[BlackElo "2219"]
[PlyCount "79"]
[EventDate "2014.10.18"]
[EventType "team"]
[EventRounds "11"]
[EventCountry "AUT"]
[WhiteTeam "ASVOE Mattersburg"]
[BlackTeam "tschaturanga"]

1. e4 d5 2. exd5 Qxd5 3. Qf3 Nf6 4. Qxd5 Nxd5 5. d4 Bf5 6. c3 e6 7. Nf3 Nd7 8.
Nbd2 Be7 9. Nc4 O-O 10. Nfe5 Nxe5 11. Nxe5 Rfd8 12. Bd3 Bxd3 13. Nxd3 Rac8 14.
Be3 c5 15. Ke2 c4 16. Nf4 Bd6 17. Nxd5 exd5 18. h3 Re8 19. Rhe1 b5 20. Kd2 b4
21. Kc2 a5 22. Bd2 Kf8 23. Rxe8+ Kxe8 24. Re1+ Kd7 25. Re3 Re8 26. Rxe8 Kxe8
27. b3 Kd7 28. f3 h6 29. g4 g5 30. Be1 Ke6 31. Kb2 f5 32. Bd2 fxg4 33. fxg4 Kd7
34. Be1 Kc6 35. Bd2 Kb5 36. Be1 a4 37. cxb4 axb3 38. axb3 Bxb4 39. Bg3 Bf8 40.
Kc3 1/2-1/2

[Event "2. Bundesliga Ost 2014/2015"]
[Site "1020 Wien, Haus des Schachsports, Marathonweg 14"]
[Date "2014.10.18"]
[Round "1"]
[Board "6"]
[White "Leitner, Gerald"]
[Black "Salamon, Werner"]
[Result "0-1"]
[WhiteElo "2210"]
[BlackElo "2116"]
[PlyCount "83"]
[EventDate "2014.10.18"]
[EventType "team"]
[EventRounds "11"]
[EventCountry "AUT"]
[WhiteTeam "tschaturanga"]
[BlackTeam "ASVOE Mattersburg"]

1. c4 e6 2. d4 d5 3. Nc3 Nf6 4. Bg5 Be7 5. e3 O-O 6. Nf3 b6 7. Qc2 Bb7 8. Bxf6
Bxf6 9. cxd5 exd5 10. Bd3 h6 11. O-O-O c5 12. g4 g6 13. g5 hxg5 14. Bxg6 fxg6
15. Qxg6+ Bg7 16. Nxg5 Rf6 17. Qh7+ Kf8 18. Rhg1 Qe7 19. dxc5 Nd7 20. cxb6 axb6
21. Kb1 Ne5 22. Rxd5 Nc4 23. Qd3 Ne5 24. Nh7+ Kf7 25. Rxe5 Qxe5 26. Nxf6 Bxf6
27. Qg6+ Ke6 28. e4 Rc8 29. Qg4+ Ke7 30. Rg3 Rc4 31. Re3 b5 32. a3 b4 33. axb4
Rxb4 34. Qe2 Kf8 35. f3 Qc5 36. e5 Bg5 37. f4 Bxf4 38. Rh3 Qxe5 39. Qxe5 Bxe5
40. Kc2 Kg8 41. Rh5 Bf6 42. Rc5 0-1

[Event "2. Bundesliga Ost 2014/2015"]
[Site "1020 Wien, Haus des Schachsports, Marathonweg 14"]
[Date "2014.10.18"]
[Round "1"]
[Board "1"]
[White "Stohl, Igor"]
[Black "Groetz, Harald"]
[Result "1-0"]
[WhiteElo "2501"]
[BlackElo "2309"]
[PlyCount "83"]
[EventDate "2014.10.18"]
[EventType "team"]
[EventRounds "11"]
[EventCountry "AUT"]
[WhiteTeam "SG Hietzing/Ottakring"]
[BlackTeam "SV Stockerau"]

1. d4 Nf6 2. c4 g6 3. f3 Bg7 4. e4 d6 5. Nc3 O-O 6. Bg5 Nc6 7. Nge2 e5 8. d5
Nd4 9. Be3 Nxe2 10. Bxe2 Nh5 11. Qd2 f5 12. O-O-O f4 13. Bf2 Bf6 14. c5 Bh4 15.
Bxh4 Qxh4 16. Nb5 Qe7 17. Qa5 b6 18. cxd6 cxd6 19. Qa3 Rd8 20. Kb1 Nf6 21. Rc1
Ne8 22. Rc2 Bb7 23. Rhc1 a6 24. Nc7 Nxc7 25. Rxc7 Rd7 26. R7c2 Qd8 27. Qb4 b5
28. a4 bxa4 29. Qxa4 a5 30. g3 fxg3 31. hxg3 Rc8 32. f4 Rxc2 33. Rxc2 Re7 34.
Bg4 Qb6 35. Be6+ Kg7 36. Ka2 Qg1 37. fxe5 dxe5 38. Qxa5 Qxg3 39. Rc7 Qg5 40. d6
Rxc7 41. Qxc7+ Kh6 42. Qxb7 1-0

[Event "2. Bundesliga Ost 2014/2015"]
[Site "1020 Wien, Haus des Schachsports, Marathonweg 14"]
[Date "2014.10.18"]
[Round "1"]
[Board "2"]
[White "Schmid, Thomas"]
[Black "Beck, Hartmuth"]
[Result "0-1"]
[WhiteElo "2193"]
[BlackElo "2362"]
[PlyCount "71"]
[EventDate "2014.10.18"]
[EventType "team"]
[EventRounds "11"]
[EventCountry "AUT"]
[WhiteTeam "SV Stockerau"]
[BlackTeam "SG Hietzing/Ottakring"]

1. e4 d5 2. exd5 Qxd5 3. Nc3 Qd6 4. d4 Nf6 5. Nf3 a6 6. Be3 Bg4 7. h3 Bh5 8. g4
Bg6 9. Ne5 Nd5 10. Bg2 c6 11. Nxd5 cxd5 12. O-O e6 13. c4 Be4 14. Qa4+ Nc6 15.
c5 Qc7 16. Bxe4 dxe4 17. Bf4 Qa5 18. Qxa5 Nxa5 19. b4 Nc6 20. Nxc6 bxc6 21.
Rfe1 f5 22. f3 Rd8 23. Rad1 Be7 24. Kg2 Bh4 25. Bg3 exf3+ 26. Kxf3 fxg4+ 27.
Kxg4 Bxg3 28. Kxg3 Kd7 29. Re3 Rhf8 30. Ra3 Ra8 31. Rdd3 Rf6 32. Rf3 Rf5 33. h4
g6 34. Kf2 Ke7 35. Kg3 Kf6 36. Ra5 {usw.} 0-1

[Event "2. Bundesliga Ost 2014/2015"]
[Site "1020 Wien, Haus des Schachsports, Marathonweg 14"]
[Date "2014.10.18"]
[Round "1"]
[Board "3"]
[White "Penz, Harald"]
[Black "Pernerstorfer, Johannes"]
[Result "1-0"]
[WhiteElo "2321"]
[BlackElo "2101"]
[PlyCount "69"]
[EventDate "2014.10.18"]
[EventType "team"]
[EventRounds "11"]
[EventCountry "AUT"]
[WhiteTeam "SG Hietzing/Ottakring"]
[BlackTeam "SV Stockerau"]

1. e4 c5 2. c3 g6 3. d4 cxd4 4. cxd4 Bg7 5. Nc3 d6 6. Nf3 Nf6 7. Be2 O-O 8. O-O
a6 9. b4 d5 10. e5 Ne4 11. Qb3 Be6 12. Ng5 Nxg5 13. Bxg5 Nc6 14. Rfd1 Rc8 15.
Rac1 f6 16. exf6 exf6 17. Be3 Qd6 18. a3 Ne7 19. Na4 f5 20. g3 Rxc1 21. Bxc1
Bd7 22. Bf4 Bxa4 23. Qxa4 Qe6 24. Bf3 h6 25. h4 Kh7 26. Kf1 Rd8 27. Re1 Qc6 28.
Qb3 Rd7 29. Be5 Bxe5 30. Rxe5 Qc1+ 31. Kg2 Qc4 32. Qe3 Nc6 33. Re8 Qxd4 34. Qe6
Qg7 35. h5 1-0

[Event "2. Bundesliga Ost 2014/2015"]
[Site "1020 Wien, Haus des Schachsports, Marathonweg 14"]
[Date "2014.10.18"]
[Round "1"]
[Board "4"]
[White "Gajic, Zoran"]
[Black "Dragnev, Valentin"]
[Result "0-1"]
[WhiteElo "2106"]
[BlackElo "2321"]
[PlyCount "52"]
[EventDate "2014.10.18"]
[EventType "team"]
[EventRounds "11"]
[EventCountry "AUT"]
[WhiteTeam "SV Stockerau"]
[BlackTeam "SG Hietzing/Ottakring"]

1. e4 c5 2. Nf3 e6 3. b3 a6 4. Bb2 Nc6 5. d4 cxd4 6. Nxd4 Qf6 7. Bc3 Bc5 8. Nf3
Qg6 9. Qd3 Nf6 10. Bxf6 Qxf6 11. c3 g5 12. h3 b5 13. Be2 Bb7 14. a3 h5 15. b4
Ba7 16. O-O g4 17. Nh2 Ne5 18. Qg3 Ke7 19. h4 Rag8 20. Nd2 Ng6 21. Qc7 Rb8 22.
Rac1 Nf4 23. Bd1 Rhc8 24. e5 Qxh4 25. Qd6+ Ke8 26. Bf3 g3 0-1

[Event "2. Bundesliga Ost 2014/2015"]
[Site "1020 Wien, Haus des Schachsports, Marathonweg 14"]
[Date "2014.10.18"]
[Round "1"]
[Board "5"]
[White "Gstach, Jakob"]
[Black "Enkhjargal, Budjav"]
[Result "1-0"]
[WhiteElo "2263"]
[BlackElo "1975"]
[PlyCount "39"]
[EventDate "2014.10.18"]
[EventType "team"]
[EventRounds "11"]
[EventCountry "AUT"]
[WhiteTeam "SG Hietzing/Ottakring"]
[BlackTeam "SV Stockerau"]

1. d4 d5 2. c4 Nf6 3. cxd5 Nxd5 4. e4 Nf6 5. Nc3 e6 6. Nf3 Bb4 7. Bd3 c5 8.
dxc5 Bxc3+ 9. bxc3 Qa5 10. O-O O-O 11. e5 Nd5 12. Bxh7+ Kxh7 13. Ng5+ Kg6 14.
Qd3+ f5 15. Qh3 f4 16. Qh7+ Kxg5 17. h4+ Kg4 18. f3+ Kg3 19. Qg6+ Kxh4 20. Qg4#
 1-0

[Event "2. Bundesliga Ost 2014/2015"]
[Site "1020 Wien, Haus des Schachsports, Marathonweg 14"]
[Date "2014.10.18"]
[Round "1"]
[Board "6"]
[White "Riegler, Rene"]
[Black "Steiner, Adam"]
[Result "0-1"]
[WhiteElo "2030"]
[BlackElo "2247"]
[PlyCount "54"]
[EventDate "2014.10.18"]
[EventType "team"]
[EventRounds "11"]
[EventCountry "AUT"]
[WhiteTeam "SV Stockerau"]
[BlackTeam "SG Hietzing/Ottakring"]

1. e4 c5 2. c3 d5 3. exd5 Qxd5 4. d4 Nf6 5. Nf3 Nc6 6. Be3 cxd4 7. cxd4 e6 8.
a3 Be7 9. Nc3 Qd6 10. Bd3 O-O 11. O-O Rd8 12. Qe2 a6 13. Rad1 b5 14. Rfe1 Bb7
15. Bg5 Rac8 16. Ne4 Nxe4 17. Qxe4 g6 18. Qh4 Rd7 19. d5 exd5 20. Rxe7 Rxe7 21.
Nd4 Rce8 22. Nf5 Re1+ 23. Bf1 gxf5 24. Rd3 Ne5 25. Rh3 Qg6 26. f3 Qb6+ 27. Qf2
Qxf2+ 0-1

[Event "2. Bundesliga Ost 2014/2015"]
[Site "1020 Wien, Haus des Schachsports, Marathonweg 14"]
[Date "2014.10.19"]
[Round "2"]
[Board "1"]
[White "Videki, Sandor"]
[Black "Groetz, Harald"]
[Result "1-0"]
[WhiteElo "2380"]
[BlackElo "2309"]
[PlyCount "101"]
[EventDate "2014.10.18"]
[EventType "team"]
[EventRounds "11"]
[EventCountry "AUT"]
[WhiteTeam "SC Data Technology Pressbaum/E."]
[BlackTeam "SV Stockerau"]

1. d4 Nf6 2. Nf3 g6 3. c4 Bg7 4. Nc3 O-O 5. e4 d6 6. h3 e5 7. d5 a5 8. Be3 Na6
9. g4 c6 10. Be2 Ne8 11. Rg1 Bd7 12. h4 f6 13. h5 g5 14. Rc1 c5 15. Qd2 Nec7
16. a3 h6 17. Bd3 Rf7 18. Qe2 Qe8 19. Nd2 Bf8 20. f3 Rb8 21. Kf2 b5 22. cxb5
Nxb5 23. Nxb5 Bxb5 24. Bxb5 Qxb5 25. Qxb5 Rxb5 26. b3 Rfb7 27. Rc4 Nc7 28. Ra4
Na8 29. Rc4 Nb6 30. Rc3 a4 31. Rb1 Nd7 32. Ke2 Be7 33. Kd1 Bd8 34. Nc4 Bc7 35.
Kc2 Kf8 36. Rb2 Nb6 37. Nxb6 R5xb6 38. Bc1 axb3+ 39. Rcxb3 Ke7 40. Rxb6 Bxb6
41. a4 Rb8 42. a5 Bc7 43. Rxb8 Bxb8 44. Kb3 Kd7 45. Kc4 Kc7 46. Kb5 Kb7 47. Be3
Ba7 48. Bd2 Kc7 49. Bc3 Kb7 50. a6+ Ka8 51. Ba5 1-0

[Event "2. Bundesliga Ost 2014/2015"]
[Site "1020 Wien, Haus des Schachsports, Marathonweg 14"]
[Date "2014.10.19"]
[Round "2"]
[Board "2"]
[White "Schmid, Thomas"]
[Black "Rumpl, Erwin"]
[Result "1/2-1/2"]
[WhiteElo "2193"]
[BlackElo "2314"]
[PlyCount "75"]
[EventDate "2014.10.18"]
[EventType "team"]
[EventRounds "11"]
[EventCountry "AUT"]
[WhiteTeam "SV Stockerau"]
[BlackTeam "SC Data Technology Pressbaum/E."]

1. e4 d5 2. exd5 Nf6 3. d4 Bg4 4. Nf3 Qxd5 5. Be2 Nc6 6. O-O O-O-O 7. Be3 Qh5
8. h3 Bxf3 9. Bxf3 Qb5 10. Nc3 Qxb2 11. Na4 Qa3 12. Nc5 Nd5 13. Bxd5 Rxd5 14.
Qf3 e6 15. Qxf7 Bxc5 16. Qxe6+ Rd7 17. dxc5 Nd8 18. Qg4 Qa6 19. Rab1 Re8 20.
Rfd1 Qe6 21. Rxd7 Qxd7 22. c6 Qxg4 23. cxb7+ Nxb7 24. hxg4 Re4 25. g5 Ra4 26.
c3 Rxa2 27. Bd4 g6 28. Re1 Kd7 29. Bf6 a5 30. Re7+ Kc6 31. Rxh7 a4 32. Be5 Nd6
33. Bxd6 cxd6 34. Ra7 Kb6 35. Ra8 Kb7 36. Ra5 Kb6 37. Ra8 Kb7 38. Ra5 1/2-1/2

[Event "2. Bundesliga Ost 2014/2015"]
[Site "1020 Wien, Haus des Schachsports, Marathonweg 14"]
[Date "2014.10.19"]
[Round "2"]
[Board "3"]
[White "Neumeier, Klaus"]
[Black "Pernerstorfer, Johannes"]
[Result "1-0"]
[WhiteElo "2268"]
[BlackElo "2101"]
[PlyCount "109"]
[EventDate "2014.10.18"]
[EventType "team"]
[EventRounds "11"]
[EventCountry "AUT"]
[WhiteTeam "SC Data Technology Pressbaum/E."]
[BlackTeam "SV Stockerau"]

1. d4 d5 2. Nf3 c5 3. c3 Nf6 4. e3 e6 5. Bd3 Bd7 6. Nbd2 a6 7. Qe2 cxd4 8. exd4
Be7 9. O-O O-O 10. Ne5 Bc6 11. Ndf3 h6 12. Re1 Nbd7 13. Nxc6 bxc6 14. Bxa6 Qb6
15. Bd3 c5 16. dxc5 Bxc5 17. b4 Bd6 18. a4 Qc7 19. Bd2 Ng4 20. g3 Nge5 21. Nxe5
Bxe5 22. Bb5 Bf6 23. Rac1 Qb7 24. Qf3 Ne5 25. Qg2 Qc8 26. Be3 Qc7 27. Bd4 Nc4
28. Bc5 Nd6 29. Qf1 Rfb8 30. Bxd6 Qxd6 31. Qd3 Rc8 32. a5 Rc7 33. Rc2 Rac8 34.
Rec1 e5 35. Ba6 Ra8 36. b5 Rc5 37. c4 d4 38. Ra2 Ra7 39. Qe4 Bd8 40. h4 Qe6 41.
Bb7 Rxa5 42. Rxa5 Bxa5 43. Ra1 Bd8 44. Bd5 Qe7 45. Ra8 Qc7 46. Qf5 Rxd5 47.
cxd5 Kf8 48. b6 Qxb6 49. Qd7 g6 50. Rxd8+ Kg7 51. Qe7 Qb1+ 52. Kh2 Qe4 53. Qf8+
Kf6 54. Rd6+ Kf5 55. Qxf7+ 1-0

[Event "2. Bundesliga Ost 2014/2015"]
[Site "1020 Wien, Haus des Schachsports, Marathonweg 14"]
[Date "2014.10.19"]
[Round "2"]
[Board "4"]
[White "Gajic, Zoran"]
[Black "Weissenbeck, Manuel"]
[Result "1/2-1/2"]
[WhiteElo "2106"]
[BlackElo "2213"]
[PlyCount "60"]
[EventDate "2014.10.18"]
[EventType "team"]
[EventRounds "11"]
[EventCountry "AUT"]
[WhiteTeam "SV Stockerau"]
[BlackTeam "SC Data Technology Pressbaum/E."]

1. e4 c5 2. Nf3 d6 3. d4 cxd4 4. Nxd4 Nf6 5. Nc3 a6 6. a4 e5 7. Nb3 Be6 8. Be2
Be7 9. Be3 O-O 10. O-O Nbd7 11. a5 Rc8 12. f3 Nc5 13. Nd5 Nxd5 14. exd5 Nxb3
15. Bb6 Qe8 16. cxb3 Bf5 17. Rc1 Qd7 18. Qd2 h6 19. Rc4 Bg5 20. Be3 Rxc4 21.
bxc4 Bxe3+ 22. Qxe3 Qc7 23. b4 Bd7 24. Rc1 Rc8 25. Qb6 Kf8 26. Bd3 Qxb6+ 27.
axb6 f5 28. Kf2 Ke7 29. g3 g5 30. f4 Kf6 1/2-1/2

[Event "2. Bundesliga Ost 2014/2015"]
[Site "1020 Wien, Haus des Schachsports, Marathonweg 14"]
[Date "2014.10.19"]
[Round "2"]
[Board "5"]
[White "Hechl, Gerald"]
[Black "Stanivukovic, Drago"]
[Result "1-0"]
[WhiteElo "2180"]
[BlackElo "1951"]
[PlyCount "77"]
[EventDate "2014.10.18"]
[EventType "team"]
[EventRounds "11"]
[EventCountry "AUT"]
[WhiteTeam "SC Data Technology Pressbaum/E."]
[BlackTeam "SV Stockerau"]

1. e4 d6 2. d4 Nf6 3. Nc3 g6 4. g3 Bg7 5. Bg2 c6 6. a4 a5 7. Nge2 Na6 8. h3 Rb8
9. O-O Nb4 10. Be3 Nd7 11. d5 c5 12. Qc1 Nb6 13. b3 Bd7 14. Rd1 Qc8 15. Kh2 Qc7
16. Nb5 Bxb5 17. axb5 a4 18. Rxa4 Nxa4 19. bxa4 Qa5 20. c3 Na2 21. Qb2 Qxa4 22.
Ra1 Ra8 23. Bd2 O-O 24. Nc1 Nxc3 (24... Qb4) 25. Rxa4 Nxa4 26. Qc2 Rfc8 27. Ne2
c4 28. Nc3 Nc5 29. f4 Nb3 30. Be3 Ra1 31. Ne2 Ra5 32. b6 Na1 33. Qd1 c3 34. e5
c2 35. Qd3 dxe5 36. d6 exd6 37. Bxb7 Re8 38. Bc6 Rb8 39. Qxd6 1-0

[Event "2. Bundesliga Ost 2014/2015"]
[Site "1020 Wien, Haus des Schachsports, Marathonweg 14"]
[Date "2014.10.19"]
[Round "2"]
[Board "6"]
[White "Riegler, Rene"]
[Black "Lucaci, Marius"]
[Result "1-0"]
[WhiteElo "2030"]
[BlackElo "2169"]
[PlyCount "82"]
[EventDate "2014.10.18"]
[EventType "team"]
[EventRounds "11"]
[EventCountry "AUT"]
[WhiteTeam "SV Stockerau"]
[BlackTeam "SC Data Technology Pressbaum/E."]

1. e4 e6 2. d4 d5 3. Nd2 Nf6 4. e5 Nfd7 5. Bd3 c5 6. c3 Nc6 7. Ngf3 Qb6 8. O-O
cxd4 9. cxd4 Nxd4 10. Nxd4 Qxd4 11. Nf3 Qb6 12. Qa4 Be7 13. Rb1 Qb4 14. Qc2 Nc5
15. Bd2 Qa4 16. b3 Qd7 17. Be2 O-O 18. Be3 b6 19. b4 Na6 20. a3 Bb7 21. Nd4
Rfc8 22. Qb3 Nb8 23. f4 Nc6 24. Bd3 f6 25. f5 Nxe5 26. fxe6 Qe8 27. Bb5 Qd8 28.
Rbd1 Rc7 29. Bf4 Rac8 30. Qh3 Rc3 31. Qh5 g6 32. Qe2 Nc4 33. Bd7 Nxa3 34. Bxc8
Qxc8 35. Nf5 gxf5 36. Qh5 Qxe6 37. Qe8+ Kg7 38. Rde1 Rc8 39. Qxe7+ Qf7 40. Rf3
Rf8 41. Rg3+ Kh8 1-0

[Event "2. Bundesliga Ost 2014/2015"]
[Site "1020 Wien, Haus des Schachsports, Marathonweg 14"]
[Date "2014.10.19"]
[Round "2"]
[Board "1"]
[White "Sadilek, Peter"]
[Black "Stohl, Igor"]
[Result "1/2-1/2"]
[WhiteElo "2283"]
[BlackElo "2501"]
[PlyCount "57"]
[EventDate "2014.10.18"]
[EventType "team"]
[EventRounds "11"]
[EventCountry "AUT"]
[WhiteTeam "tschaturanga"]
[BlackTeam "SG Hietzing/Ottakring"]

1. d4 Nf6 2. c4 e6 3. Nf3 b6 4. g3 Bb7 5. Bg2 Be7 6. O-O O-O 7. Re1 Na6 8. Ne5
d5 9. cxd5 exd5 10. Nc3 c5 11. dxc5 Nxc5 12. Bf4 Ne6 13. Nd3 Ne4 14. Rc1 Bf6
15. Be5 Rc8 16. e3 Bxe5 17. Nxe5 Nxc3 18. bxc3 Nc5 19. Qd4 Qe7 20. Nd3 Nxd3 21.
Qxd3 Rc5 22. Red1 Rfc8 23. Qd4 h6 24. Bf1 Qc7 25. Bh3 Re8 26. Bg2 Rc8 27. Bh3
Re8 28. Bg2 Rc8 29. Bh3 1/2 1/2-1/2

[Event "2. Bundesliga Ost 2014/2015"]
[Site "1020 Wien, Haus des Schachsports, Marathonweg 14"]
[Date "2014.10.19"]
[Round "2"]
[Board "2"]
[White "Penz, Harald"]
[Black "Wukits, Rene"]
[Result "1/2-1/2"]
[WhiteElo "2321"]
[BlackElo "2348"]
[PlyCount "104"]
[EventDate "2014.10.18"]
[EventType "team"]
[EventRounds "11"]
[EventCountry "AUT"]
[WhiteTeam "SG Hietzing/Ottakring"]
[BlackTeam "tschaturanga"]

1. e4 c5 2. c3 Nf6 3. e5 Nd5 4. Bc4 e6 5. Nf3 Nc6 6. O-O d6 7. d4 cxd4 8. cxd4
Nb6 9. Bb3 Be7 10. Nc3 d5 11. Bf4 a6 12. Rc1 Bd7 13. Bc2 Rc8 14. Bb1 Nc4 15. b3
Na3 16. Bd3 Nb4 17. Be2 O-O 18. Qd2 Kh8 19. Qb2 Qa5 20. Bd2 b6 21. Ra1 Rc7 22.
Nb1 Nac2 23. a3 Nxa1 24. axb4 Bxb4 25. Bxb4 Qxb4 26. Qxa1 a5 27. Qa3 Qxa3 28.
Nxa3 Rfc8 29. Rd1 Rc1 30. Kf1 b5 31. Ke1 a4 32. b4 Rxd1+ 33. Kxd1 Rc3 34. Bxb5
Bxb5 35. Nxb5 Rc4 36. Na3 Rxb4 37. Nc2 Rb1+ 38. Kd2 f6 39. Nfe1 Kg8 40. Nd3 Kf7
41. exf6 gxf6 42. Nc5 Rf1 43. Ke2 Rc1 44. Kd2 Rf1 45. Ke2 Rc1 46. Kd2 Rf1 47.
Ke2 Rc1 48. Kd2 Rf1 49. Ke2 Rc1 50. Kd2 Rf1 51. Ke2 Rc1 52. Kd2 Rf1 1/2-1/2

[Event "2. Bundesliga Ost 2014/2015"]
[Site "1020 Wien, Haus des Schachsports, Marathonweg 14"]
[Date "2014.10.19"]
[Round "2"]
[Board "3"]
[White "Kleiser, Gregor"]
[Black "Dragnev, Valentin"]
[Result "0-1"]
[WhiteElo "2291"]
[BlackElo "2321"]
[PlyCount "136"]
[EventDate "2014.10.18"]
[EventType "team"]
[EventRounds "11"]
[EventCountry "AUT"]
[WhiteTeam "tschaturanga"]
[BlackTeam "SG Hietzing/Ottakring"]

1. d4 Nf6 2. Nf3 e6 3. c4 Bb4+ 4. Bd2 c5 5. g3 O-O 6. Bg2 Nc6 7. O-O Qb6 8.
dxc5 Qxc5 9. a3 Bxd2 10. Nfxd2 b5 11. b4 Qe5 12. Ra2 a5 13. Nf3 Qb8 14. cxb5
Qxb5 15. Nd4 Qb6 16. b5 Nxd4 17. Bxa8 d5 18. Bc6 e5 19. Qc1 Bh3 20. Rd1 Rc8 21.
Qg5 Ng4 22. Bxd5 Ne6 23. Qf5 g6 24. Qf3 Ng5 25. Bxf7+ Kg7 26. Bd5 Nxf3+ 27.
exf3 Nxf2 28. Rxf2 Rc2 29. Nd2 Qe3 30. Bc4 Kf8 31. Bf1 Bxf1 32. Kxf1 Qxa3 33.
Ne4 Rc1 34. Rxc1 Qxc1+ 35. Kg2 a4 36. b6 Qb1 37. Nc5 a3 38. b7 Ke7 39. Rd2 e4
40. fxe4 a2 41. b8=Q Qxb8 42. Rxa2 Qb4 43. Rc2 Qb1 44. Rd2 Qc1 45. Rd7+ Ke8 46.
Rd5 Qe3 47. h4 Qe2+ 48. Kh3 Qf1+ 49. Kg4 Qf2 50. h5 Qe2+ 51. Kh4 Kf7 52. Rd7+
Kg8 53. hxg6 hxg6 54. Rd5 Kh7 55. Re5 Kg7 56. Rd5 Kh6 57. Re5 Qd1 58. Rd5 g5+
59. Kh3 Qh1+ 60. Kg4 Qh5+ 61. Kf5 Qf3+ 62. Ke6 Qxg3 63. e5 g4 64. Rd3 Qf4 65.
Kd6 g3 66. Ne6 Qb4+ 67. Kd5 Qb7+ 68. Kd6 Qa6+ 0-1

[Event "2. Bundesliga Ost 2014/2015"]
[Site "1020 Wien, Haus des Schachsports, Marathonweg 14"]
[Date "2014.10.19"]
[Round "2"]
[Board "4"]
[White "Gstach, Jakob"]
[Black "Leitner, Gerald"]
[Result "1/2-1/2"]
[WhiteElo "2263"]
[BlackElo "2210"]
[PlyCount "55"]
[EventDate "2014.10.18"]
[EventType "team"]
[EventRounds "11"]
[EventCountry "AUT"]
[WhiteTeam "SG Hietzing/Ottakring"]
[BlackTeam "tschaturanga"]

1. d4 d5 2. c4 dxc4 3. Nf3 Nf6 4. e3 e6 5. Bxc4 c5 6. O-O a6 7. Bb3 Nbd7 8.
Nbd2 cxd4 9. exd4 Nb6 10. Re1 Be7 11. Bc2 O-O 12. a3 Bd7 13. Ne5 Rc8 14. Ndf3
Bc6 15. Bg5 Nbd5 16. Qd2 Nh5 17. Re4 Bxg5 18. Nxg5 Nhf6 19. Rh4 h6 20. Ngf3 Ne7
21. Rd1 Qd5 22. Rxh6 gxh6 23. Qxh6 Ng6 24. Bxg6 fxg6 25. Qxg6+ Kh8 26. Qh6+ Kg8
27. Qg6+ Kh8 28. Qh6+ 1/2-1/2

[Event "2. Bundesliga Ost 2014/2015"]
[Site "1020 Wien, Haus des Schachsports, Marathonweg 14"]
[Date "2014.10.19"]
[Round "2"]
[Board "5"]
[White "Srienz, Christian"]
[Black "Plank, Franz"]
[Result "0-1"]
[WhiteElo "2255"]
[BlackElo "2259"]
[PlyCount "82"]
[EventDate "2014.10.18"]
[EventType "team"]
[EventRounds "11"]
[EventCountry "AUT"]
[WhiteTeam "tschaturanga"]
[BlackTeam "SG Hietzing/Ottakring"]

1. c4 e6 2. Nc3 d5 3. d4 c6 4. e4 dxe4 5. Nxe4 Bb4+ 6. Bd2 Qxd4 7. Bxb4 Qxe4+
8. Be2 a5 9. Bd6 Nh6 10. Nf3 Nf5 11. O-O Nxd6 12. Qxd6 Qf5 13. Ne5 Qf6 14. Bh5
g6 15. Bf3 Qe7 16. Qd4 O-O 17. Rad1 f6 18. Ng4 e5 19. Qd6 Qxd6 20. Rxd6 Bxg4
21. Bxg4 f5 22. Be2 Na6 23. Rfd1 Nc5 24. h4 Kf7 25. f3 Ke7 26. h5 Rad8 27. Rxd8
Rxd8 28. Rxd8 Kxd8 29. hxg6 hxg6 30. b3 Ke7 31. Kf2 Kd6 32. Ke3 g5 33. Bd1 f4+
34. Ke2 e4 35. fxe4 Nxe4 36. Kf3 Nf6 37. g3 fxg3 38. Kxg3 Ke5 39. Kf3 Kd4 40.
a4 Ne4 41. Kg4 Nf2+ 0-1

[Event "2. Bundesliga Ost 2014/2015"]
[Site "1020 Wien, Haus des Schachsports, Marathonweg 14"]
[Date "2014.10.19"]
[Round "2"]
[Board "6"]
[White "Janetschek, Karl"]
[Black "Dueckstein, Andreas"]
[Result "1/2-1/2"]
[WhiteElo "2226"]
[BlackElo "2174"]
[PlyCount "37"]
[EventDate "2014.10.18"]
[EventType "team"]
[EventRounds "11"]
[EventCountry "AUT"]
[WhiteTeam "SG Hietzing/Ottakring"]
[BlackTeam "tschaturanga"]

1. e4 c6 2. d4 d5 3. Nc3 dxe4 4. Nxe4 Nf6 5. Nxf6+ gxf6 6. Nf3 Bg4 7. Be2 e6 8.
c3 Qc7 9. Nh4 Bxe2 10. Qxe2 Nd7 11. O-O O-O-O 12. Qh5 Nb6 13. g3 Bd6 14. Qf3 f5
15. Bg5 Be7 16. Bf4 Bd6 17. Bg5 Be7 18. Bf4 Bd6 19. Bg5 1/2-1/2

[Event "2. Bundesliga Ost 2014/2015"]
[Site "1020 Wien, Haus des Schachsports, Marathonweg 14"]
[Date "2014.10.19"]
[Round "2"]
[Board "2"]
[White "Fodor, Tamas"]
[Black "Polak, Thomas"]
[Result "1-0"]
[WhiteElo "2490"]
[BlackElo "2513"]
[PlyCount "73"]
[EventDate "2014.10.18"]
[EventType "team"]
[EventRounds "11"]
[EventCountry "AUT"]
[WhiteTeam "ASVOE Mattersburg"]
[BlackTeam "Zwettl"]

1. d4 Nf6 2. c4 e6 3. Nc3 Bb4 4. Qc2 O-O 5. e4 d6 6. e5 dxe5 7. dxe5 Ng4 8. Nf3
Nc6 9. Bf4 Nd4 10. Qd2 f6 11. O-O-O c5 12. h3 Nxe5 13. Nxe5 fxe5 14. Bxe5 Bd7
15. Bxd4 cxd4 16. Qxd4 Qg5+ 17. Qd2 Qf6 18. Qc2 Bc6 19. f3 Bxc3 20. Qxc3 Qxc3+
21. bxc3 Rf5 22. Bd3 Rc5 23. Rhe1 Kf7 24. Kb2 Rc8 25. Rd2 Rc7 26. Rde2 Bd7 27.
f4 b5 28. f5 exf5 29. Re7+ Kf6 30. cxb5 f4 31. a4 Rd5 32. Bf1 Rd2+ 33. Kb3 Rc5
34. Bc4 Bf5 35. Rf7+ Kg6 36. Ree7 Kh6 37. Kb4 1-0